| 000 | 00956nam0a2200301 4500 | ||
|---|---|---|---|
| 001 | RU\NLR\bibl\38379 | ||
| 005 | 20260406133605.0 | ||
| 010 |
_a5-04-002422-3 _9201000 |
||
| 021 |
_aRU _b99-11973 _9578 |
||
| 035 | _a(NLR Aleph) 000037404 | ||
| 090 |
_a192958 _c192958 |
||
| 100 | _a19990714d1999 |||y0rusy50 ca | ||
| 101 | 0 | _arus | |
| 102 | _aRU | ||
| 105 | _ay ||||||||| | ||
| 200 | 1 |
_aКондор принимает вызов _e[Роман] _fСергей Соболев |
|
| 210 |
_aМ. _cЭКСМО-Пресс _d1999 |
||
| 215 |
_a476 с. _d17 |
||
| 225 | 1 | _aРусские разборки | |
| 686 | _aШ6(2=Р)75-446 | ||
| 700 | 1 |
_4070 _8rus _7ca _aСоболев _bС.В. _f1958- _cписатель _gСергей Викторович _3RU\NLR\auth\772084 _9112101 |
|
| 801 | 0 |
_aRU _bNLR _c19990714 _gPSBO |
|
| 801 | 1 |
_aRU _bNLR _c19990714 |
|
| 852 |
_aNLR _j99-2/1391 |
||
| 942 | _cBOOK | ||
| 980 | _aNB | ||